| 000 | 00865nam a22002177a 4500 | ||
|---|---|---|---|
| 999 |
_c19198 _d19198 |
||
| 003 | AR-CdUCM | ||
| 008 | 190516b ||||| |||| 00| 0 spa d | ||
| 040 |
_aMUNICIPALIDAD PROVINCIAL DEL CUSCO _cBIBLIOTECA MUNICIPAL DEL CUSCO |
||
| 082 |
_22ed. _a372.4 / _bV73 |
||
| 100 |
_aViolet-Conil, Madeleine _940390 |
||
| 245 |
_aExploración de la mentalidad infantil : _bteoría y técnica de la investigación / |
||
| 260 |
_aBuenos Aires : _bKapelusz, _c1958. |
||
| 300 |
_a369 páginas ; _c21 cm. |
||
| 440 |
_aBiblioteca de cultura pedagógica ; _938415 |
||
| 505 | _aContenido: La morfología -- Estudio teórico -- Estudio técnico -- Las aptitudes sensoriales -- La motricidad... | ||
| 650 |
_aPsicopedagogía infantil _918850 |
||
| 650 |
_aPsicopedagogía juvenil _927338 |
||
| 700 |
_aCanivet, Nella _940391 |
||
| 942 |
_2ddc _cLIBROS |
||
| 945 |
_aacv _d2019-05-16 |
||